Rugby: manual para profesores y entrenadores

Wedi'i Gadw mewn:
Manylion Llyfryddiaeth
Prif Awdur: Popinciuc, Codrut B (Awdur)
Fformat: Llyfr
Iaith:Sbaeneg
Cyhoeddwyd: Buenos Aires Stadium 1975
Pynciau:
Tagiau: Ychwanegu Tag
Dim Tagiau, Byddwch y cyntaf i dagio'r cofnod hwn!

MARC

LEADER 00000nam a2200000 a 4500
001 UCY9422
003 CL-VaPUC
008 950717e19750800AG |||||||||||||||||spa|d
082 0 4 |a 796.333  |b POP  |2 21 
100 0 |a Popinciuc, Codrut B  |e author  |9 341562 
245 1 0 |a Rugby: manual para profesores y entrenadores 
300 |a 145 p 
942 |c BK 
945 |d 19950717 00:00:00  |a mfernand 
260 |a Buenos Aires  |b Stadium  |c 1975 
650 7 |a RUGBY  |2 CL-VaPUC  |9 308211 
583 |a last modification  |c 19950717 00:00:00  |k Rodrigo Vera 
999 |c 236517  |d 236515 
952 |0 0  |1 0  |4 0  |6 796_333000000000000_POP_1975  |7 0  |8 P  |9 244649  |a BIBEDU  |b BIBEDU  |c BIBEDU_PB  |d 2019-11-18  |i 1536435  |o 796.333 POP 1975  |p 1536435  |r 2024-01-25  |w 2019-11-18  |y BK  |k EDU